000 00441nam a2200169Ia 4500
003 GCL
008 140319s9999 xx 000 0 eng d
040 _aGCL /
_cGCL
082 0 4 _a004.56
_bG O
100 1 _aGOSNEY , MICHAEL
245 1 0 _aTHE official photo CD handbook /
_cGOSNEY , MICHAEL
260 _a[S.N] :
_bPEACHPIT PRESS ،
_c1995
300 _a346 p
650 0 4 _aCD - ROM
650 0 4 _aCOMPUTER - PROPGRAMME
942 _2ddc
_cBK
999 _c10308
_d10308